| 000 | 01538cam a22004097a 4500 | ||
|---|---|---|---|
| 003 | CHAP | ||
| 005 | 20220329133510.0 | ||
| 008 | 971013s1986 r 00010 d | ||
| 010 | _a7086 | ||
| 011 | _a8058 | ||
| 035 | _a7283 | ||
| 040 | _cCHAP | ||
| 082 |
_a630.946 _bJ6 |
||
| 100 | 0 | 0 |
_aJovellanos, Gaspar de. _962235 |
| 245 | 0 | _aEn favor del campo | |
| 260 |
_aMéxico, D.F. : _bConsejo Nacional de Fomento Educativo, _c1986 |
||
| 300 | _a272 p. | ||
| 490 | 0 | _aCien de México | |
| 500 | _aSe procesó también en 080/C54/v.2 | ||
| 590 |
_aBATCH-UPD _b10 _c20130110 _lUCH01 _h0137 |
||
| 590 |
_aBATCH-UPD _b10 _c20130110 _lUCH01 _h1122 |
||
| 590 |
_aBATCH-UPD _b10 _c20130410 _lUCH01 _h0712 |
||
| 590 |
_aBATCH-UPD _b10 _c20130914 _lUCH01 _h0053 |
||
| 590 |
_aCONVERSION _b10 _c20130109 _lUCH01 _h1305 |
||
| 650 | 1 | 4 |
_aAgricultura _xHistoria _xEspaña. _91514 |
| 650 | 1 | 4 |
_aAgricultura _xHistoria _xMéxico. _91521 |
| 650 | 1 | 4 |
_aAgricultura _xLeyes _xEspana. _91725 |
| 710 | 0 |
_aConsejo Nacional de Fomento Educativo. México. _927319 |
|
| 830 | 0 |
_aCien de México _923105 |
|
| 901 | _aBK | ||
| 942 | _cLIBRO | ||
| 949 |
_a630.946 J6 _bBC _cLIBRO _d33724000047783 _eLIBRO _fc.3 _h82858 _i7283 _si _t10.00 |
||
| 949 |
_a630.946 J6 _bBC _cLIBRO _d33724000047791 _eLIBRO _fc.2 _h82857 _i7283 _si _t10.00 |
||
| 949 |
_a630.946 J6 _bBC _cLIBRO _d33724000047809 _eLIBRO _fc.4 _h82859 _i7283 _si _t10.00 |
||
| 949 |
_a630.946 J6 _bBC _cLIBRO _d33724000047817 _eLIBRO _h82856 _i7283 _si _t10.00 |
||
| 949 |
_a630.946 J6 _bBC _cLIBRO _d33724000789566 _eLIBRO _fc.5 _h97917 _i7283 _si |
||
| 999 |
_c7086 _d7086 |
||